[Event "Novokuznetsk Goriainov Memorial op"]
[Site "Novokuznetsk"]
[Date "2007.08.21"]
[Round "8"]
[White "Aliqogin, Jaslan"]
[Black "Vladimirov, Mikhail"]
[Result "1-0"]
[WhiteElo "2342"]
[BlackElo "2198"]
[PlyCount "57"]
[EventDate "2007.08.14"]
[EventType "swiss"]
[EventRounds "9"]
[EventCountry "RUS"]
[SourceTitle "EXT 2009"]
[Source "ChessBase"]
[SourceDate "2008.11.26"]
[SourceVersion "1"]
[SourceVersionDate "2008.11.26"]
[SourceQuality "1"]

1. Nf3 Nf6 2. b3 d5 3. Bb2 c5 4. e3 Nc6 5. Bb5 Bd7 6. 0-0 e6 7. Bxc6 Bxc6 8. Ne5 Be7 9. d3 0-0 10. Nd2 Bb5 11. f4 Nd7 12. a4 Bc6 13. Qh5 Nxe5 14. fxe5 Bg5 15. Rae1 Bh6 16. Nf3 Be8 17. Qh3 a6 18. e4 b5 19. axb5 axb5 20. Bc1 Bxc1 21. Rxc1 dxe4 22. dxe4 c4 23. bxc4 bxc4 24. Kh1 Ra3 25. Rcd1 Qb6 26. Qh4 Ba4 27. Qe7 Re3 28. Ng5 Be8 29. Rd6 1-0

[Event "Novokuznetsk Goriainov Memorial op"]
[Site "Novokuznetsk"]
[Date "2007.08.20"]
[Round "7"]
[White "Rekhovsky, Jury"]
[Black "Aliqogin, Jaslan"]
[Result "0-1"]
[WhiteElo "2148"]
[BlackElo "2342"]
[PlyCount "64"]
[EventDate "2007.08.14"]
[EventType "swiss"]
[EventRounds "9"]
[EventCountry "RUS"]
[SourceTitle "EXT 2009"]
[Source "ChessBase"]
[SourceDate "2008.11.26"]
[SourceVersion "1"]
[SourceVersionDate "2008.11.26"]
[SourceQuality "1"]

1. e4 c5 2. f4 d5 3. exd5 Qxd5 4. Nc3 Qd8 5. Nf3 Nf6 6. Ne5 e6 7. Qf3 Be7 8. Bb5+ Nbd7 9. 0-0 0-0 10. Nxd7 Bxd7 11. Qxb7 Rb8 12. Qa6 Rb6 13. Qa4 Rxb5 14. Nxb5 Qb6 15. Qxa7 Qxb5 16. d3 c4 17. Be3 cxd3 18. cxd3 Ng4 19. a4 Qd5 20. Kh1 Bc6 21. Rf3 Qh5 22. Bg1 Bxf3 23. gxf3 Qh3 24. Qb7 Nf6 25. Bd4 Nd5 26. a5 Qxf3+ 27. Kg1 Qxf4 28. Bf2 Bd6 29. Bg3 Qe3+ 30. Kg2 Qe2+ 31. Kh3 h5 32. Rg1 Qf3 0-1

[Event "Zudov Memorial-B 3rd"]
[Site "Nizhnij Tagil"]
[Date "2007.07.11"]
[Round "5"]
[White "Skurygin, Anton"]
[Black "Aliqogin, Jaslan"]
[Result "0-1"]
[WhiteElo "2327"]
[BlackElo "2342"]
[PlyCount "102"]
[EventDate "2007.07.06"]
[EventType "tourn"]
[EventRounds "11"]
[EventCountry "RUS"]
[EventCategory "4"]
[SourceTitle "CBM 119 Extra"]
[Source "ChessBase"]
[SourceDate "2007.09.04"]
[SourceVersion "1"]
[SourceVersionDate "2007.09.04"]
[SourceQuality "1"]

1. a3 Nf6 2. c4 e5 3. Nc3 Nc6 4. g3 d5 5. cxd5 Nxd5 6. Bg2 Nb6 7. Nf3 Be7 8. 0-0 0-0 9. b4 a6 10. Bb2 Be6 11. d3 f6 12. Rc1 Qe8 13. Ne4 Qf7 14. Nc5 Bxc5 15. Rxc5 Bb3 16. Qa1 Na4 17. Rcc1 Bd5 18. e4 Be6 19. d4 Nxb2 20. Qxb2 exd4 21. Nxd4 Nxd4 22. Qxd4 Rfd8 23. Qc5 c6 24. Rfd1 Bb3 25. Rd4 Qc7 26. h4 Rxd4 27. Qxd4 Rd8 28. Qc3 Bf7 29. Bf3 Qe5 30. Kg2 Qxc3 31. Rxc3 Kf8 32. Bg4 Ke7 33. Kf3 h5 34. Bf5 g6 35. Bh3 Be6 36. Bxe6 Kxe6 37. Kf4 Rd2 38. f3 Ra2 39. Rd3 b6 40. Rc3 Kd6 41. e5+ fxe5+ 42. Kg5 Rg2 43. g4 hxg4 44. fxg4 Kd5 45. Rd3+ Kc4 46. Rd6 c5 47. h5 gxh5 48. Kxh5 cxb4 49. Rxb6 bxa3 50. Rxa6 a2 51. g5 e4 0-1

[Event "Novosibirsk"]
[Site "Novosibirsk"]
[Date "2006.06.27"]
[Round "6"]
[White "Aliqogin, Jaslan"]
[Black "Skurygin, Anton"]
[Result "1/2-1/2"]
[WhiteElo "2336"]
[BlackElo "2394"]
[PlyCount "30"]
[EventDate "2006.06.23"]
[EventType "tourn"]
[EventRounds "11"]
[EventCountry "RUS"]
[SourceTitle "EXT 2008"]
[Source "ChessBase"]
[SourceDate "2007.11.25"]
[SourceVersion "1"]
[SourceVersionDate "2007.11.25"]
[SourceQuality "1"]

1. d4 d5 2. c4 e6 3. Nc3 Nf6 4. cxd5 exd5 5. Bg5 Be7 6. e3 c6 7. Bd3 0-0 8. Nf3 Nbd7 9. 0-0 Re8 10. Qc2 Nf8 11. Ne5 Ng4 12. Bxe7 Qxe7 13. Nxg4 Bxg4 14. Rae1 Rad8 15. f4 Bc8 1/2-1/2

[Event "Novosibirsk"]
[Site "Novosibirsk"]
[Date "2006.06.26"]
[Round "4"]
[White "Grachev, Jury"]
[Black "Aliqogin, Jaslan"]
[Result "0-1"]
[WhiteElo "2417"]
[BlackElo "2336"]
[PlyCount "118"]
[EventDate "2006.06.23"]
[EventType "tourn"]
[EventRounds "11"]
[EventCountry "RUS"]
[SourceTitle "EXT 2008"]
[Source "ChessBase"]
[SourceDate "2007.11.25"]
[SourceVersion "1"]
[SourceVersionDate "2007.11.25"]
[SourceQuality "1"]

1. e4 e6 2. d4 c5 3. c3 Nf6 4. e5 Nd5 5. Nf3 cxd4 6. cxd4 d6 7. a3 dxe5 8. dxe5 Be7 9. Bd3 0-0 10. 0-0 b6 11. Qe2 Nd7 12. Qe4 g6 13. Qe2 Bb7 14. Bh6 Re8 15. Nbd2 Rc8 16. Rfd1 Nc5 17. Bb5 Bc6 18. Bxc6 Rxc6 19. Rac1 Qa8 20. Nd4 Rcc8 21. Nc4 a6 22. Qf3 b5 23. Na5 Na4 24. Ndc6 Nab6 25. h4 Bxh4 26. g3 Be7 27. Kg2 Rc7 28. Rc2 Rec8 29. Rdc1 Bf8 30. Bxf8 Kxf8 31. b3 Kg7 32. Kg1 Nd7 33. Kg2 Nb8 34. Nb4 Rxc2 35. Rxc2 Rxc2 36. Nxc2 Nd7 37. Kg1 Nxe5 38. Qe4 Nc6 39. b4 Nxa5 40. bxa5 Qd8 41. Qe5+ Qf6 42. Qe4 Qc3 43. Nd4 Qxa3 44. Qe5+ Nf6 45. Kg2 Qxa5 46. g4 Qa2 47. Nf3 Qd5 48. Qa1 h6 49. Qxa6 Nxg4 50. Qa1+ Nf6 51. Kg3 g5 52. Ne5 h5 53. f3 b4 54. Qe1 Qd4 55. Kh3 b3 56. Qg3 g4+ 57. fxg4 hxg4+ 58. Kh4 b2 59. Qe1 Qxe5 0-1

[Event "Novosibirsk"]
[Site "Novosibirsk"]
[Date "2006.06.25"]
[Round "3"]
[White "Aliqogin, Jaslan"]
[Black "Popov, Roman"]
[Result "0-1"]
[WhiteElo "2336"]
[BlackElo "2353"]
[PlyCount "98"]
[EventDate "2006.06.23"]
[EventType "tourn"]
[EventRounds "11"]
[EventCountry "RUS"]
[SourceTitle "EXT 2008"]
[Source "ChessBase"]
[SourceDate "2007.11.25"]
[SourceVersion "1"]
[SourceVersionDate "2007.11.25"]
[SourceQuality "1"]

1. e4 e6 2. d4 d5 3. Nc3 Nf6 4. Bg5 Be7 5. e5 Nfd7 6. h4 Bxg5 7. hxg5 Qxg5 8. Nh3 Qe7 9. Qd2 Nc6 10. Nf4 Nf8 11. 0-0-0 Bd7 12. Nh5 Rg8 13. f4 0-0-0 14. f5 f6 15. exf6 gxf6 16. Qh6 Rg5 17. fxe6 Qxe6 18. Kb1 Rg6 19. Qf4 Qf7 20. Bd3 f5 21. Qf2 Rg5 22. Nf4 Ne7 23. Rh6 Ng8 24. Rh3 Nf6 25. Rf3 Ne4 26. Bxe4 fxe4 27. Nh3 Rf5 28. Rxf5 Qxf5 29. Qxf5 Bxf5 30. Nf4 c6 31. Rf1 Bg4 32. Kc1 Nd7 33. Kd2 Rf8 34. Ke3 Nf6 35. Rh1 Kd7 36. Rh4 Ke7 37. a4 a5 38. Nce2 Bxe2 39. Kxe2 Rg8 40. b3 Rg3 41. Rh3 Rxh3 42. gxh3 Ne8 43. Ke3 Kf6 44. c4 dxc4 45. bxc4 Kf5 46. Nh5 Nd6 47. Ng3+ Ke6 48. Nxe4 Nxc4+ 49. Kf4 b5 0-1

[Event "Capital of Sibiria op"]
[Site "Novosibirsk"]
[Date "2002.07.20"]
[Round "2"]
[White "Kazakov, Peter"]
[Black "Aliqogin, Jaslan"]
[Result "1-0"]
[WhiteElo "2424"]
[BlackElo "2245"]
[PlyCount "90"]
[EventDate "2002.07.19"]
[EventType "swiss"]
[EventRounds "9"]
[EventCountry "RUS"]
[SourceTitle "CBM 089 Extra"]
[Source "ChessBase"]
[SourceDate "2002.09.10"]
[SourceVersion "2"]
[SourceVersionDate "2002.09.10"]
[SourceQuality "1"]

1. e4 c5 2. Nf3 e6 3. Nc3 a6 4. d4 cxd4 5. Nxd4 b5 6. Bd3 Qb6 7. Nde2 Bb7 8. 0-0 d6 9. Be3 Qc7 10. b4 Nf6 11. a4 bxa4 12. Rxa4 Be7 13. Qa1 0-0 14. b5 Nbd7 15. bxa6 Bc6 16. Nb5 Bxb5 17. Bxb5 Nc5 18. Bxc5 dxc5 19. e5 Nd5 20. Re4 Nb4 21. c3 Qb6 22. Bc4 Nxa6 23. Ng3 Nc7 24. Qd1 Ra3 25. Qd7 Bg5 26. Qd3 Rd8 27. Qf3 Qb2 28. Rg4 Be7 29. Ne4 g6 30. Rf4 Rf8 31. Qh3 Nd5 32. Rf3 Ra4 33. Bxd5 exd5 34. Nf6+ Bxf6 35. exf6 Ra1 36. g3 Qe2 37. Rxa1 Qxf3 38. Qh4 Re8 39. Qa4 Rf8 40. Qc6 Qxc3 41. Rd1 d4 42. Qd6 Qb3 43. Re1 d3 44. h4 Qc3 45. Rb1 Re8 1-0

[Event "Capital of Sibiria op"]
[Site "Novosibirsk"]
[Date "2002.07.19"]
[Round "1"]
[White "Aliqogin, Jaslan"]
[Black "Podmarjkov, Sergei"]
[Result "1-0"]
[WhiteElo "2245"]
[BlackElo "2030"]
[PlyCount "71"]
[EventDate "2002.07.19"]
[EventType "swiss"]
[EventRounds "9"]
[EventCountry "RUS"]
[SourceTitle "CBM 089 Extra"]
[Source "ChessBase"]
[SourceDate "2002.09.10"]
[SourceVersion "2"]
[SourceVersionDate "2002.09.10"]
[SourceQuality "1"]

1. e4 c6 2. d4 d5 3. Nd2 dxe4 4. Nxe4 Bf5 5. Ng3 Bg6 6. Nf3 Nd7 7. h4 h6 8. h5 Bh7 9. Bd3 Bxd3 10. Qxd3 e6 11. Bf4 Qa5+ 12. Bd2 Bb4 13. c3 Be7 14. 0-0 Ngf6 15. c4 Qa6 16. Rfe1 c5 17. d5 0-0-0 18. Qc2 Rhe8 19. dxe6 fxe6 20. Re3 Nb6 21. Ne5 Bd6 22. b3 Bxe5 23. Rxe5 Nbd7 24. Re2 Qd6 25. Bc3 Qf4 26. Rae1 Qg4 27. Qg6 Qh4 28. Nf5 exf5 29. Rxe8 Nxe8 30. Rxe8 Rxe8 31. Qxe8+ Kc7 32. Bxg7 Qf4 33. Qe3 Qg4 34. Qxh6 f4 35. Qg6 Qxg6 36. hxg6 1-0